Engineering tables: ASME Handbook (Record no. 60885)

000 -LEADER
fixed length control field 00649nam a22001937a 4500
003 - CONTROL NUMBER IDENTIFIER
control field NUST-PNEC
005 - DATE AND TIME OF LATEST TRANSACTION
control field 20170116180709.0
008 - FIXED-LENGTH DATA ELEMENTS--GENERAL INFORMATION
fixed length control field 141002b xxu||||| |||| 00| 0 eng d
020 ## - INTERNATIONAL STANDARD BOOK NUMBER
International Standard Book Number 0070015163
040 ## - CATALOGING SOURCE
Transcribing agency PNEC
082 ## - DEWEY DECIMAL CLASSIFICATION NUMBER
Classification number 620.0212 HUC
100 ## - MAIN ENTRY--PERSONAL NAME
9 (RLIN) 488
Personal name Huckert, Jesse
245 ## - TITLE STATEMENT
Title Engineering tables: ASME Handbook
Statement of responsibility, etc. Jesse Huckert
260 ## - PUBLICATION, DISTRIBUTION, ETC.
Place of publication, distribution, etc. New York,
Name of publisher, distributor, etc. McGraw-Hill Book Company
Date of publication, distribution, etc. 1956.
300 ## - PHYSICAL DESCRIPTION
Extent 712 p. :
Other physical details ill. ;
Dimensions 25 cm.
500 ## - GENERAL NOTE
General note http://www.amazon.com/Engineering-American-Society-Mechanical-Engineers/dp/0070015163/ref=sr_1_1?s=books&ie=UTF8&qid=1412224850&sr=1-1&keywords=0070015163
650 ## - SUBJECT ADDED ENTRY--TOPICAL TERM
General subdivision ME
942 ## - ADDED ENTRY ELEMENTS (KOHA)
Source of classification or shelving scheme
Koha item type Book
Holdings
Withdrawn status Lost status Source of classification or shelving scheme Damaged status Not for loan Permanent Location Current Location Shelving location Date acquired Source of acquisition Cost, normal purchase price Total Checkouts Full call number Barcode Date last seen Cost, replacement price Price effective from Koha item type
          Pakistan Navy Engineering College (PNEC) Pakistan Navy Engineering College (PNEC) Reference 03/21/1989 Royal Book Company 2450.40   620.0212 HUC PNECLIB-012017 10/02/2014 2450.40 03/21/1989 Book
          Pakistan Navy Engineering College (PNEC) Pakistan Navy Engineering College (PNEC) Reference 05/29/1985 Progressive International Agency 1595.00   620.0212 HUC PNECLIB-006435 10/14/2014 1595.00 05/29/1985 Book
© 2023 Central Library, National University of Sciences and Technology. All Rights Reserved.